Città più piccole ad aver giocato in Serie A - Statistics

Statistiche generali
  • Questo quiz è stato fatto 159 volte
  • Il punteggio medio è 4 su 10
Statistiche sulle risposte
Abitanti Risposta % Corretto
40.219 Sassuolo
79%
48.361 Empoli
61%
44.485 Frosinone
45%
45.875 Vercelli
45%
33.219 Casale
40%
47.376 Lecco
38%
46.618 Ascoli
37%
48.414 Mantova
28%
28.018 Novi Ligure
20%
41.918 Torre Annunziata
7%
Nessun quiz corrispondente trovato
Distribuzione punteggi
Percentuale di utenti per punteggio
Percentile per numero di risposta
I tuoi punteggi nel tempo
Non hai fatto questo quiz